Groupe de chose (3) Jeux Vidéo - Statistiques

Statistiques générales
  • Ce quiz a été pris 421 fois
  • Le résultat moyen est 16 sur 27
Statistiques - réponses
Indices % Correct
Nintendo
96%
Sony
91%
Sonic
89%
Salamèche
86%
Carapuce
82%
Bulbizarre
81%
Microsoft
81%
Nether
80%
Street Fighter
77%
Mortal Kombat
74%
End
73%
Trevor Philips
69%
Tekken
68%
Franklin Clinton
58%
Shadow
58%
Michael de Santa
56%
Healer
52%
Tank
51%
OverWorld
46%
Force
44%
Courage
39%
Sagesse
38%
DPS
35%
Atari 2600
33%
Silver
30%
Atari Jaguar
7%
Atari 5200
5%
Aucun quiz correspondant
Distribution des résultats
% des personnes avec chaque résultat
Percentile par nombre de réponses
Votre historique - résultats
Vous n’avez pas pris ce quiz